Jak využít internet v marketingu krok za krokem k vyšší konkurenceschopnosti

Salvato in:
Dettagli Bibliografici
Autore principale: Blažková, Martina
Natura: Libro
Lingua:ceco
Pubblicazione: Praha Grada Publishing 2005
Serie:Manažer
Soggetti:
Tags: Aggiungi Tag
Nessun Tag, puoi essere il primo ad aggiungerne!!

MARC

LEADER 00000nam$a2200000$$$4500
001 0031554
005 20240313133056.5
020 |a 80-247-1095-1 
041 0 |a cze 
044 |a CZ 
245 1 0 |a Jak využít internet v marketingu  |b krok za krokem k vyšší konkurenceschopnosti  |c Martina Blažková 
264 1 |a Praha  |b Grada Publishing  |c 2005 
300 |a 156 s. 
490 1 |a Manažer 
830 0 |a Manažer 
610 2 0 |a marketing 
610 2 0 |a internet 
610 2 0 |a marketing mix 
610 2 0 |a komunikácia marketingová 
610 2 0 |a obchod elektronický 
610 2 0 |a stratégia marketingová 
100 1 |a Blažková, Martina